Movies Quiz

Random Movies or Actress Quiz
Score 0/25 Timer 06:00
3 Plays Today
Worst Film Actor/Actress % Correct
The Bonfire of the Vanities (23%)Tom Hanks
85.5%
The Beach (19%)Leonardo DiCaprio
80.1%
The Number 23 (8%)Jim Carrey
80%
Speed 2: Cruise Control (2%)Sandra Bullock
71.5%
Old Dogs (9%)Robin Williams
71%
Valentine's Day (17%)Julia Roberts
64.1%
Elizabethtown (28%)Kirsten Dunst
57.3%
Flightplan (38%)Jodie Foster
53.3%
The Avengers (15%)Sean Connery
51%
Radio Flyer (41%)Elijah Wood
48.7%
Mr. Woodcock (13%)Susan Sarandon
47.8%
Bubble Boy (29%)Jake Gyllenhaal
45.5%
Speechless (12%)Geena Davis
45.5%
Worst Film Actor/Actress % Correct
Annapolis (10%)James Franco
34.1%
Angels in the Outfield (35%)Joseph Gordon-Levitt
33.1%
Laws of Attraction (18%)Julianne Moore
32.6%
Sister Act 2: Back in the Habit (7%)Maggie Smith
28.5%
The Statement (24%)Michael Caine
28.4%
Assassins (9%)Sylvester Stallone
22.9%
Lions for Lambs (27%)Meryl Streep
22.5%
To Gillian on Her 37th Birthday (15%)Michelle Pfeiffer
21%
The Big Bounce (16%)Gary Sinise
19.8%
Pride and Glory (34%)Edward Norton
13%
Evening (27%)Toni Collette
11.6%
Mrs. Winterbourne (7%)Brendan Fraser
11.6%
Remove Ads.
Support Sporcle.
Get the best of Sporcle when you Go Orange. This ad-free experience offers more features, more stats, and more fun while also helping to support Sporcle. Thank you for becoming a member.

You're not logged in!

Compare scores with friends on all Sporcle quizzes.
OR
Log In

Sporcle TV

Today on Sporcle TV


Watch our educational content, quiz creation guides, and fun videos on Sporcle TV.

Show Comments

Extras

Top Quizzes Today


Score Distribution

Paid Content

Your Account Isn't Verified!

In order to create a playlist on Sporcle, you need to verify the email address you used during registration. Go to your Sporcle Settings to finish the process.

Report this User

Report this user for behavior that violates our Community Guidelines.

Details: